Guess the 1970s song lyrics #41 - Statistics

General Stats
  • This quiz has been taken 33 times
  • The average score is 145 of 203
Answer Stats
Answer % Correct
I
100%
you
100%
You
100%
a
96%
men
93%
my
93%
My
93%
can
89%
do
89%
He
89%
he
89%
me
89%
to
89%
and
85%
And
85%
him
85%
is
85%
love
85%
man
85%
the
85%
don't
81%
when
81%
Your
81%
your
81%
could
78%
have
78%
I'm
78%
of
78%
on
78%
take
78%
this
78%
what
78%
for
74%
his
74%
in
74%
just
74%
know
74%
From
70%
Jolene
70%
never
70%
one
70%
With
70%
with
70%
because
67%
beggin
67%
But
67%
How
67%
like
67%
please
67%
Please
67%
choice
63%
had
63%
talk
63%
means
59%
only
59%
again
56%
begging
56%
even
56%
hair
56%
though
56%
He's
52%
there's
52%
depends
48%
eyes
48%
green
48%
keep
48%
nothing
48%
about
44%
understand
44%
compete
41%
happiness
41%
name
41%
skin
41%
sleep
41%
beauty
37%
calls
37%
cannot
37%
crying
37%
easily
37%
emerald
37%
talks
37%
auburn
33%
beyond
33%
compare
33%
locks
33%
breath
30%
decide
30%
ivory
30%
soft
30%
voice
30%
flaming
26%
rain
26%
smile
26%
spring
26%
whatever
26%
summer
22%
No matching quizzes found
Score Distribution
Percent of People with Each Score
Percentile by Number Answered
Your Score History
You have not taken this quiz